000 00344nam a2200145Ia 4500
008 150201s2014 xx 000 0 und d
082 _a612.015
_bB14R
100 _aRAVI, B.V.
245 _aBASIC OF NURSING BIOCHEMISTRY
250 _a2ND
260 _bMED TEC
_aINDIA
_c2014
300 _a203
650 _aBIOCHEMISTRY
942 _2ddc
_cBK
_0113
999 _c2209
_d2209